| 000 | 01194cas a22002895a 4500 | ||
|---|---|---|---|
| 001 | ##L338 | ||
| 008 | 950120d19952009xxkqr p a0eng d | ||
| 022 | 1 | _a1469-5421 | |
| 035 | _a(Sirsi) u98958 | ||
| 041 | 0 | _aeng | |
| 110 | 2 |
_aRoyal Institution of Chartered Surveyors _bBuilding Conservation Forum _94708 |
|
| 240 | 1 | _aBuilding Conservation Journal | |
| 245 | 0 | 4 |
_aThe Journal _bRICS Building Conservation |
| 260 | 2 |
_aLondon _bRICS _c1995-2009 |
|
| 362 | 0 | _aLondon: (13) Winter 1995-September 2009 | |
| 362 | 0 | _aEdinburgh: (13) Winter 1995-September 2009 | |
| 520 | _aSlight name change: from 2006 Building Conservation Journal became The Journal: RICS Building Conservation. | ||
| 554 | _aFour per year | ||
| 651 | 4 |
_aUnited Kingdom _y |
|
| 690 | _aBUILT ENVIRONMENT-BUILDING MAINTENANCE AND REFURBISHMENT-BUILDING CONSERVATION | ||
| 710 | 2 |
_aRoyal Institution of Chartered Surveyors _bBuilding Conservation Group _94497 |
|
| 780 | 0 | 0 | _tBuilding Conservation Newsletter |
| 785 | 0 | 0 |
_tBuilding Surveying Journal _x1750-1032 |
| 856 | 4 | 1 |
_uhttps://www.rics.org/buildingconservationjournal _zView the journal free of charge at www.rics.org... |
| 942 | _n0 | ||
| 948 | _c20/01/1995 | ||
| 999 |
_c118597 _d118597 |
||